COMMONSENSE METHODS FOR CHILDREN WITH SPECIAL EDUCATIONAL NEEDS (Record no. 18988)

MARC details
000 -LEADER
fixed length control field 00295nam a22001217a 4500
003 - CONTROL NUMBER IDENTIFIER
control field SGT
082 ## - DEWEY DECIMAL CLASSIFICATION NUMBER
Classification number 370
Item number WES
100 ## - MAIN ENTRY--PERSONAL NAME
Personal name WESTWOOD, PETER
245 ## - TITLE STATEMENT
Title COMMONSENSE METHODS FOR CHILDREN WITH SPECIAL EDUCATIONAL NEEDS
260 ## - PUBLICATION, DISTRIBUTION, ETC. (IMPRINT)
Place of publication, distribution, etc DELHI
Name of publisher, distributor, etc ROUTLEDGE
Year of Publication 2019
300 ## - PAGE DESCRIPTION
No. of Pages 214
942 ## - ADDED ENTRY ELEMENTS (KOHA)
Source of classification or shelving scheme Dewey Decimal Classification
Koha item type Books
Holdings
Withdrawn status Lost status Source of classification or shelving scheme Damaged status Not for loan Collection code Home library Current library Date acquired Cost, normal purchase price SGTU Full call number Accession No. (Barcode) Date last seen Bill Date Koha item type
    Dewey Decimal Classification     EDUCATION SGT Engineering Library SGT Engineering Library 31/08/2019 1295.00 SGTU 370 WES ED4398 31/08/2019 31/08/2019 Books
    Dewey Decimal Classification     EDUCATION SGT Engineering Library SGT Engineering Library 31/08/2019 1295.00 SGTU 370 WES ED4399 31/08/2019 31/08/2019 Books
    Dewey Decimal Classification     EDUCATION SGT Engineering Library SGT Engineering Library 31/08/2019 1295.00 SGTU 370 WES ED4400 31/08/2019 31/08/2019 Books